Svět v obrazech. Roč. 17., č. 1-52, 1961

Bibliographic Details
Format: Book
Language:Undetermined
Published: Praha Orbis 1961

MARC

LEADER 00000nam a2200000 a 4500
001 vtls001354421
003 SK-MaSNL
005 20260223215731.0
008 990204suuuu xx 0 und
035 |a SNK000307862 
040 |a SNK  |b slo  |c SNK  |e AACR2 
245 1 |a Svět v obrazech. Roč. 17., č. 1-52, 1961 
260 |a Praha  |b Orbis 1961 
999 |c 720175  |d 722105 
952 |t P60, <06>, [BOOK], {606}  |a SNK  |b SNK  |y PREZ  |7 0  |p 17A0178161  |o snkČA 171/17/1961  |0 0  |1 1  |4 0  |d 1999-02-04  |l 0  |r 2005-01-02 00:00:00  |w 2026-02-23 
952 |t P60, <06>, [ISSBD], {606}  |a SNK  |b SNK  |y PREZ  |7 0  |p 17A0454265  |o snkČA 171/18/1962  |i snkČIP 893/83  |0 0  |1 1  |4 0  |d 2004-12-15  |l 0  |r 2005-01-02 00:00:00  |w 2026-02-23